Library Logo

Pioneer International University Library Catalogue

Book of Members : 1780-2005 (Record no. 5586)

MARC details
000 -LEADER
fixed length control field 00275nam a22000977a 4500
005 - DATE AND TIME OF LATEST TRANSACTION
control field 20250901165536.0
008 - FIXED-LENGTH DATA ELEMENTS--GENERAL INFORMATION
fixed length control field 210607b |||||||| |||| 00| 0 eng d
050 ## - LIBRARY OF CONGRESS CALL NUMBER
Classification number AS36 .A44 2006
245 ## - TITLE STATEMENT
Title Book of Members : 1780-2005
Statement of responsibility, etc. A.A.A.S.
942 ## - ADDED ENTRY ELEMENTS (KOHA)
Source of classification or shelving scheme Library of Congress Classification
Classification part AS36 .A44 2006
Holdings
Withdrawn status Lost status Source of classification or shelving scheme Damaged status Not for loan Home library Current library Shelving location Date acquired Total checkouts Full call number Barcode Date last seen Price effective from Koha item type
    Library of Congress Classification     Main Library Main Library   06/07/2021   AS36 .A44 2006 PIU0009214 06/07/2021 06/07/2021 Books